NHL Teams Superlist - Statistics

General Stats
  • This quiz has been taken 38 times
    16 since last reset
  • The average score is 36 of 55
Answer Stats
Team % Correct
Anaheim Ducks
92%
Buffalo Sabres
92%
Carolina Hurricanes
92%
Edmonton Oilers
92%
Florida Panthers
92%
Montreal Canadiens
92%
New York Islanders
92%
Philadelphia Flyers
92%
Pittsburgh Penguins
92%
San Jose Sharks
92%
Seattle Kraken
92%
St. Louis Blues
92%
Vancouver Canucks
92%
Winnipeg Jets
92%
Boston Bruins
85%
Calgary Flames
85%
Chicago Blackhawks
85%
Colorado Avalanche
85%
Columbus Blue Jackets
85%
Detroit Red Wings
85%
Los Angeles Kings
85%
New Jersey Devils
85%
New York Rangers
85%
Tampa Bay Lightning
85%
Toronto Maple Leafs
85%
Vegas Golden Knights
85%
Washington Capitals
85%
Dallas Stars
77%
Minnesota Wild
77%
Ottawa Senators
77%
Arizona Coyotes
69%
Hartford Whalers
69%
Nashville Predators
69%
Quebec Nordiques
69%
Atlanta Thrashers
62%
Minnesota North Stars
54%
Utah Hockey Club
54%
California Golden Seals
46%
Montreal Maroons
46%
Brooklyn Americans
38%
Colorado Rockies
38%
Quebec Bulldogs
38%
Cleveland Barons
31%
Hamilton Tigers
31%
Kansas City Scouts
31%
Montreal Wanderers
31%
Philadelphia Quakers
31%
St. Louis Eagles
31%
Toronto Arenas
31%
Atlanta Flames
23%
Pittsburgh Pirates
23%
Toronto St. Patricks
23%
Detroit Cougars
15%
Detroit Falcons
8%
Mighty Ducks of Anaheim
8%
No matching quizzes found
Score Distribution
Percent of People with Each Score
Percentile by Number Answered
Your Score History
You have not taken this quiz since the last reset